000 00605cam a22002053a 4500
001 44951
003 PGUSA
005 20140828084027.0
008 140217s2014||||xxu|||||s|||||000 | eng d
040 _aPGUSA
_beng
042 _adc
100 1 _aYoung, Clarence
245 1 4 _aThe Motor Boys in Strange Waters ;
_bor, Lost in a Floating Forest
_h[electronic resource] /
_cClarence Young
260 _bProject Gutenberg,
_c2014
506 _aPublic domain in the USA.
516 _aElectronic text
830 0 _aProject Gutenberg
_v44951
856 4 0 _uhttp://www.gutenberg.org/ebooks/44951
942 _cEB
999 _c274202
_d274202